000 00431nam a2200181Ia 4500
008 170705s9999 xx 000 0 und d
020 _a9780545852883
245 _aDon't play with your food! /
245 _cBob Shea.
260 _aNew York :
260 _bScholastic,
260 _c2014
300 _aunpaged :
300 _bcolor illustration ;
300 _c25cm.
440 _aBuddy and the bunnies.
500 _a400
999 _c335735
_d335735